Dots (Record no. 366675)
[ view plain ]
| 000 -LEADER | |
|---|---|
| fixed length control field | 00712nam a22002177a 4500 |
| 003 - CONTROL NUMBER IDENTIFIER | |
| control field | 0 |
| 005 - DATE AND TIME OF LATEST TRANSACTION | |
| control field | 20241111160629.0 |
| 008 - FIXED-LENGTH DATA ELEMENTS--GENERAL INFORMATION | |
| fixed length control field | 241111b xxu||||| |||| 00| 0 eng d |
| 020 ## - INTERNATIONAL STANDARD BOOK NUMBER | |
| International Standard Book Number | 978-2-88935-805-2 |
| 082 ## - DEWEY DECIMAL CLASSIFICATION NUMBER | |
| Classification number | M 398.2 |
| Item number | M174 2017 |
| 100 ## - MAIN ENTRY--PERSONAL NAME | |
| Personal name | Macri, Giancarlo |
| 245 ## - TITLE STATEMENT | |
| Title | Dots |
| Statement of responsibility, etc | Giancarlo Macri, Carolina Zanotti. |
| 260 ## - PUBLICATION, DISTRIBUTION, ETC. (IMPRINT) | |
| Place of publication, distribution, etc | Switzerland : |
| Name of publisher, distributor, etc | NuiNui, |
| Date of publication, distribution, etc | c2017. |
| 300 ## - PHYSICAL DESCRIPTION | |
| Extent | Unnumbered pages : |
| Other physical details | ill. ; |
| Dimensions | 34 cm. |
| 650 ## - SUBJECT ADDED ENTRY--TOPICAL TERM | |
| Topical term or geographic name as entry element | Children's stories |
| 650 ## - SUBJECT ADDED ENTRY--TOPICAL TERM | |
| Topical term or geographic name as entry element | Helping behavior -- Pictorial works -- Juvenile fiction |
| 650 ## - SUBJECT ADDED ENTRY--TOPICAL TERM | |
| Topical term or geographic name as entry element | Equality -- Pictorial works -- Juvenile fiction |
| 650 ## - SUBJECT ADDED ENTRY--TOPICAL TERM | |
| Topical term or geographic name as entry element | Sharing -- Pictorial works -- Juvenile fiction |
| 700 ## - ADDED ENTRY--PERSONAL NAME | |
| Personal name | Zanotti, Carolina, |
| Relator term | author. |
| 942 ## - ADDED ENTRY ELEMENTS (KOHA) | |
| Source of classification or shelving scheme | Dewey Decimal Classification |
| Koha item type | Books |
| Withdrawn status | Lost status | Source of classification or shelving scheme | Damaged status | Home library | Current library | Shelving location | Date acquired | Source of acquisition | Sub Shelving location | Total Checkouts | Full call number | Barcode | Date last seen | Price effective from | Koha item type |
|---|---|---|---|---|---|---|---|---|---|---|---|---|---|---|---|
| Dewey Decimal Classification | Munich Library | Munich Library | Main Section | 11/11/2024 | Library Fund | M 398.2 M174 2017 | M8661 | 11/11/2024 | 11/11/2024 | Books |